[Event "N4 BOGNY/TGV"]
[Site "?"]
[Date "2006.10.15"]
[Round "1"]
[White "FERRERO, Marjorie"]
[Black "GAUCHER, Philippe"]
[Result "0-1"]
[WhiteElo "1210"]
[BlackElo "1520"]
[PlyCount "48"]
[EventDate "2006.10.18"]
[SourceDate "2007.03.18"]

1. e4 e5 2. Nf3 Nc6 3. Nc3 Nf6 4. d3 Bb4 5. Bd2 d6 6. Be2 O-O 7. O-O Nd4 8. a3
Nxe2+ 9. Qxe2 Ba5 10. b4 Bb6 11. Na4 Bd4 12. Nxd4 exd4 13. c4 Bd7 14. Nb2 Re8
15. Rfe1 b5 16. f3 a6 17. Bg5 a5 18. Qf2 h6 19. Bxf6 Qxf6 20. Rac1 axb4 21.
axb4 bxc4 22. Rxc4 Rec8 23. Rxd4 Ra2 24. Re2 Ra1+ 0-1

[Event "N5 2006 Chalons / Chaumont"]
[Site "?"]
[Date "????.??.??"]
[Round "1"]
[White "Tribillac, Benoit"]
[Black "Doyon, Yves"]
[Result "0-1"]
[WhiteElo "1650"]
[BlackElo "1630"]
[PlyCount "52"]
[EventDate "2006.10.17"]
[SourceDate "2007.03.18"]

1. c4 c5 2. Nc3 Nf6 3. g3 d5 4. cxd5 Nxd5 5. Bg2 e6 6. e4 Nb4 7. Bf1 Nd3+ 8.
Bxd3 Qxd3 9. Nge2 Be7 10. O-O O-O 11. Nf4 Qd8 12. d3 a6 13. Be3 Nc6 14. Rc1 Nd4
15. Kg2 e5 16. Nfd5 Be6 17. f4 exf4 18. Nxf4 b6 19. Ncd5 Rb8 20. h3 Rb7 21. Qd2
Bd6 22. b3 Be5 23. Nxe6 fxe6 24. Bg5 Qe8 25. Rxf8+ Qxf8 26. Ne3 Qf3+ 0-1

[Event "N5 2006 Chalons / Chaumont"]
[Site "?"]
[Date "????.??.??"]
[Round "1"]
[White "Clauss, J.Marc"]
[Black "Kerlau, Gildas"]
[Result "1/2-1/2"]
[WhiteElo "1800"]
[BlackElo "1770"]
[PlyCount "82"]
[EventDate "2006.10.17"]
[SourceDate "2007.03.18"]

1. e4 d6 2. f4 Nf6 3. e5 dxe5 4. fxe5 Nfd7 5. Nf3 c5 6. Bc4 Nb6 7. Qe2 Nxc4 8.
Qxc4 e6 9. O-O Be7 10. Nc3 Nc6 11. Ne2 Qd5 12. Qf4 O-O 13. Qg3 f6 14. Nf4 Qd7
15. Nh5 g6 16. Nxf6+ Bxf6 17. exf6 Rxf6 18. d3 Nd4 19. Nxd4 Rxf1+ 20. Kxf1 Qxd4
21. c3 Qf6+ 22. Kg1 e5 23. Bg5 Qd6 24. Re1 Bf5 25. Rxe5 Qxd3 26. Qxd3 Bxd3 27.
Rxc5 Rf8 28. h4 Rf1+ 29. Kh2 Be4 30. Bh6 Bc6 31. b4 a6 32. a4 Rf5 33. Rxf5 gxf5
34. a5 Kf7 35. Kg1 Ke6 36. g3 Ke5 37. Kf2 Ke4 38. Ke2 Bb5+ 39. Kd2 Bf1 40. Kc2
Bc4 41. Bf4 Kf3 1/2-1/2

[Event "N5 2006 Chalons / Chaumont"]
[Site "?"]
[Date "????.??.??"]
[Round "1"]
[White "Da Costa, Manuel"]
[Black "Guillart, Johan"]
[Result "1-0"]
[WhiteElo "1790"]
[BlackElo "1750"]
[PlyCount "97"]
[EventDate "2006.10.17"]
[SourceDate "2007.03.18"]

1. e4 e6 2. d4 d5 3. exd5 exd5 4. Nf3 Nf6 5. h3 Bd6 6. c4 O-O 7. Be2 dxc4 8.
O-O b6 9. Bxc4 Ba6 10. Bxa6 Nxa6 11. Nc3 c6 12. Bg5 Nc7 13. Qc2 h6 14. Bh4 Be7
15. Rad1 Ncd5 16. Rfe1 Rc8 17. Qb3 Qc7 18. Rc1 Qb7 19. Ne5 c5 20. Nxd5 Nxd5 21.
Bxe7 Nxe7 22. dxc5 b5 23. Qf3 Qc7 24. c6 Ng6 25. Nxg6 fxg6 26. Qd5+ Rf7 27.
Qxb5 Rb8 28. Qe5 Qxe5 29. Rxe5 Rc7 30. b3 Kf7 31. Kf1 Rb6 32. Rec5 Ke6 33. R1c3
Kd6 34. Ke2 Rbxc6 35. Rxc6+ Rxc6 36. Rxc6+ Kxc6 37. Kd3 Kc5 38. a3 a5 39. Kc3
g5 40. Kd3 Kd5 41. b4 a4 42. g3 h5 43. f3 g6 44. Kc3 g4 45. fxg4 hxg4 46. h4
Kc6 47. Kc4 Kb6 48. Kd4 Kc6 49. Ke5 1-0

[Event "N5 2006 Chalons / Chaumont"]
[Site "?"]
[Date "????.??.??"]
[Round "1"]
[White "Rogier, Michel"]
[Black "BEAUGRAND, Julien"]
[Result "1-0"]
[WhiteElo "1680"]
[BlackElo "1720"]
[PlyCount "61"]
[EventDate "2006.10.17"]
[SourceDate "2007.03.18"]

1. d4 d5 2. c4 dxc4 3. Nc3 Nf6 4. e4 a6 5. Bxc4 Bg4 6. f3 Bh5 7. Nge2 h6 8. Nf4
g5 9. Nxh5 Nxh5 10. Qb3 e6 11. Qxb7 Nd7 12. Bxa6 Bg7 13. Be3 O-O 14. Qc6 Nb6
15. Bd3 Rb8 16. e5 Bxe5 17. Qe4 f5 18. Qxe5 Ng7 19. O-O Nd7 20. Qa5 c6 21. Qa4
Qc7 22. b4 e5 23. Rac1 exd4 24. Bxd4 Qd6 25. Bxg7 Kxg7 26. Be2 Rxb4 27. Qa7 Rf7
28. Rcd1 Qe6 29. a3 Rb3 30. Qd4+ Nf6 31. Bc4 1-0

[Event "N5 2006 Chalons / Chaumont"]
[Site "?"]
[Date "????.??.??"]
[Round "1"]
[White "DaCosta, Mathieu"]
[Black "Dhaynault, Gilles"]
[Result "1/2-1/2"]
[WhiteElo "1690"]
[BlackElo "1550"]
[PlyCount "58"]
[EventDate "2006.10.17"]
[SourceDate "2007.03.18"]

1. e4 d5 2. exd5 Nf6 3. c4 e6 4. dxe6 Bxe6 5. d3 Qe7 6. Ne2 Nc6 7. g3 Bg4 8.
Be3 Ne5 9. Bg2 Bf3 10. O-O Bxg2 11. Kxg2 O-O-O 12. Bd4 Neg4 13. h3 Ne5 14. Bxe5
Qxe5 15. Nbc3 Bd6 16. Re1 h5 17. Nf4 Qf5 18. Qf3 Bxf4 19. Qxf4 Qxf4 20. gxf4
Rxd3 21. Re7 Rd7 22. Rxd7 Nxd7 23. Re1 Nc5 24. b3 Rh6 25. Re7 Rg6+ 26. Kf3 Rd6
27. Kg2 Rd7 28. Re8+ Rd8 29. Re7 Rd7 1/2-1/2

[Event "N5 2006 Chalons / Chaumont"]
[Site "?"]
[Date "????.??.??"]
[Round "1"]
[White "Demongodin, Arthur"]
[Black "Leloup, Remi"]
[Result "0-1"]
[WhiteElo "1510"]
[BlackElo "1500"]
[PlyCount "88"]
[EventDate "2006.10.17"]
[SourceDate "2007.03.18"]

1. e4 d5 2. exd5 Nf6 3. Nc3 Nxd5 4. Nxd5 Qxd5 5. Nf3 e5 6. h3 e4 7. Qe2 Be7 8.
Nh2 f5 9. Qb5+ c6 10. Qxd5 cxd5 11. Bb5+ Bd7 12. Bxd7+ Nxd7 13. d3 Nf6 14. dxe4
dxe4 15. f3 Bc5 16. Bd2 e3 17. Bc3 Rd8 18. Rd1 Kf7 19. Ke2 Nd5 20. g3 h5 21.
Be1 h4 22. c4 Nf6 23. Rxd8 Rxd8 24. g4 b5 25. b3 bxc4 26. bxc4 f4 27. Bc3 Ke6
28. Rb1 Bb6 29. a4 Rd7 30. Nf1 Rc7 31. a5 Bc5 32. a6 Bb6 33. Bxf6 Kxf6 34. Rb4
Ke5 35. Kd3 Rc5 36. Rb5 Rxb5 37. cxb5 Kd5 38. Nh2 g5 39. Nf1 Kc5 40. Nd2 exd2
41. Kxd2 Kxb5 42. Kc3 Bd8 43. Kb3 Kxa6 44. Kc4 Kb6 0-1

[Event "N5 2006 Chalons / Chaumont"]
[Site "?"]
[Date "????.??.??"]
[Round "1"]
[White "Ramaioli, Stéphane"]
[Black "Besa, Ugo"]
[Result "0-1"]
[WhiteElo "1400"]
[BlackElo "1280"]
[PlyCount "74"]
[EventDate "2006.10.17"]
[SourceDate "2007.03.18"]

1. d4 d5 2. c4 Nf6 3. Nf3 Nc6 4. Nc3 Bf5 5. Bg5 e6 6. Ne5 Be7 7. a3 h6 8. Bxf6
Bxf6 9. Nxc6 bxc6 10. e3 O-O 11. Be2 e5 12. O-O Rb8 13. b4 Re8 14. c5 Bd7 15.
Bg4 exd4 16. exd4 Qc8 17. Bxd7 Qxd7 18. f4 Re3 19. Qd2 Rbe8 20. Rae1 Bxd4 21.
Qxd4 Rxe1 22. Rxe1 Rxe1+ 23. Kf2 Re8 24. Ne2 Qe7 25. Qd3 Qh4+ 26. Qg3 Qxg3+ 27.
Nxg3 d4 28. Kf3 d3 29. Nf1 g5 30. fxg5 hxg5 31. Nd2 Kg7 32. g4 Kg6 33. Nc4 f5
34. gxf5+ Kxf5 35. Ne3+ Kg6 36. h3 Kh5 37. Nf5 Rf8 0-1

[Event "N5 2006 Chalons / Chaumont"]
[Site "?"]
[Date "????.??.??"]
[Round "1"]
[White "Roger, Judith"]
[Black "Toic, Isabelle"]
[Result "0-1"]
[WhiteElo "1120"]
[BlackElo "1300"]
[PlyCount "62"]
[EventDate "2006.10.17"]
[SourceDate "2007.03.18"]

1. e4 c6 2. Nc3 d5 3. exd5 cxd5 4. d4 Nf6 5. Bf4 a6 6. Bb5+ Bd7 7. Nxd5 Nxd5 8.
Bxd7+ Nxd7 9. Qf3 e6 10. c4 Nxf4 11. Qxf4 Bb4+ 12. Kd1 O-O 13. a3 Be7 14. Nf3
Nf6 15. Rc1 a5 16. Qh4 h6 17. b4 axb4 18. axb4 Bxb4 19. Rb1 Qa5 20. Ke2 Qb6 21.
Rb2 Qa5 22. Rhb1 Bd6 23. c5 Qa6+ 24. Kd1 Qd3+ 25. Rd2 Qxb1+ 26. Ke2 Bc7 27. Ne5
Ra3 28. f4 Ne4 29. Qe1 Qb5+ 30. Rd3 Bxe5 31. fxe5 Qxd3# 0-1

[Event "N4 Blagny / Bogny"]
[Site "?"]
[Date "????.??.??"]
[Round "2"]
[White "ROMAIN, Emeline"]
[Black "CHARBAU, Yanick"]
[Result "1-0"]
[WhiteElo "1970"]
[BlackElo "1830"]
[PlyCount "27"]
[EventDate "2006.11.26"]
[SourceDate "2007.03.18"]

1. d4 Nf6 2. Nf3 e6 3. e3 d5 4. Bd3 Be7 5. O-O O-O 6. Nbd2 Nbd7 7. b3 c5 8. Bb2
a6 9. c4 Rb8 10. Qc2 dxc4 11. Nxc4 h6 12. Rfd1 Qc7 13. dxc5 Nxc5 14. Be5 1-0

[Event "N4 Blagny / Bogny"]
[Site "?"]
[Date "????.??.??"]
[Round "2"]
[White "GUYON, Cyndie"]
[Black "FOURCART, Maxence"]
[Result "1-0"]
[WhiteElo "1864"]
[BlackElo "2014"]
[PlyCount "63"]
[EventDate "2006.11.26"]
[SourceDate "2007.03.18"]

1. d4 d5 2. c4 c6 3. Nc3 Nf6 4. Nf3 a6 5. c5 Bf5 6. Qb3 Qc8 7. Bf4 Nbd7 8. h3
g6 9. Ne5 Bg7 10. g4 Be6 11. e3 O-O 12. Be2 Nxc5 13. Qb4 Ncd7 14. Qxe7 c5 15.
Nxd7 Nxd7 16. dxc5 Re8 17. Qh4 Qxc5 18. O-O Rac8 19. Rac1 Qb4 20. Rc2 d4 (20...
Bxc3 21. Rxc3 Rxc3 22. bxc3 Qxc3 23. Bh6 Qd2 24. Bf3) 21. exd4 Bxd4 22. Qg3 Nf6
23. Rfc1 Qb6 24. Na4 Qa7 (24... Rxc2 25. Nxb6 Rxc1+ 26. Bxc1 Bxb6) (24... Qa5
25. Rxc8 Bxc8 26. Nc3) 25. Rxc8 Bxf2+ (25... Bxc8) (25... Rxc8 26. Rxc8+ Bxc8
27. Bb8 Qa8 28. Qf4) 26. Qxf2 Qxf2+ 27. Kxf2 Bxc8 28. Bf3 b5 29. Nb6 Be6 30. a4
Rd8 31. a5 Rd4 32. Be5 1-0

[Event "N4 Blagny / Bogny"]
[Site "?"]
[Date "????.??.??"]
[Round "2"]
[White "LEGHBALI, Sophiane"]
[Black "FOURCART, Marc"]
[Result "1-0"]
[WhiteElo "1790"]
[BlackElo "1775"]
[PlyCount "71"]
[EventDate "2006.11.26"]
[SourceDate "2007.03.18"]

1. e4 c5 2. Nf3 d6 3. d4 cxd4 4. Nxd4 Nf6 5. Nc3 g6 6. Be3 Bg7 7. f3 O-O 8. Bc4
Nc6 9. Qd2 Nxd4 10. Bxd4 Be6 11. Nd5 Nxd5 12. exd5 Bxd4 13. Qxd4 Qa5+ 14. c3
Bd7 15. O-O a6 16. Rfe1 Rfe8 17. Re2 b5 18. Bb3 Qc7 19. Rae1 Bc8 20. Qh4 f6 21.
Qh6 Bb7 (21... Qc5+ 22. Kh1 Ra7) 22. Kh1 Bc8 23. h4 Ra7 24. h5 gxh5 (24... Bf5
25. g4 Bd3 26. Rd2 Bc4 27. hxg6 e5 28. dxe6) 25. Bc2 f5 26. Qxh5 Rf8 27. Qg5+
Kf7 28. Bxf5 Bxf5 29. Qxf5+ Kg8 30. Qg5+ Kf7 31. Qf5+ Kg8 32. Qe6+ Rf7 33. Re4
Kf8 34. Rg4 Qc5 35. Qh6+ Ke8 36. Rg8+ 1-0

[Event "N4 Blagny / Bogny"]
[Site "?"]
[Date "????.??.??"]
[Round "2"]
[White "DEFRANCE, Laurent"]
[Black "FLAMANT, Jacky"]
[Result "1-0"]
[WhiteElo "2173"]
[BlackElo "1932"]
[PlyCount "59"]
[EventDate "2006.11.26"]
[SourceDate "2007.03.18"]

1. d3 d5 2. e4 dxe4 3. dxe4 Qxd1+ 4. Kxd1 e5 5. Be3 Nf6 6. f3 Be6 7. Nd2 Nc6 8.
c3 a6 9. Kc2 O-O-O 10. g3 Be7 11. Bh3 Rd7 12. Bxe6 fxe6 13. Nh3 h6 14. Rad1
Rhd8 15. Nb3 Rf8 16. Rhf1 b6 17. Rxd7 Kxd7 18. Nd2 b5 19. Nf2 Kc8 20. Nd3 Nd7
21. Nb3 a5 22. Nbc5 Nxc5 23. Bxc5 Kd7 24. Kd2 Bxc5 25. Nxc5+ Kd6 26. Nd3 Ne7
27. Ke3 c5 28. Rd1 Rf6 29. Nf2+ Kc7 30. Ng4 1-0

[Event "N4 Blagny / Bogny"]
[Site "?"]
[Date "????.??.??"]
[Round "2"]
[White "PRIOUX, Michel"]
[Black "HANOT, Wilfried"]
[Result "1-0"]
[WhiteElo "1851"]
[BlackElo "1930"]
[PlyCount "51"]
[EventDate "2006.11.26"]
[SourceDate "2007.03.18"]

1. Nf3 d5 2. b3 c6 3. Bb2 Bf5 4. e3 Nd7 5. c4 e6 6. Nc3 Ngf6 7. Nh4 Bg6 8. Nxg6
hxg6 9. cxd5 cxd5 10. Be2 a6 11. d4 Bd6 12. g3 Rc8 13. O-O Ke7 14. Kg2 Bb4 15.
Rc1 Qa5 16. Na4 b5 17. a3 bxa4 18. axb4 Qxb4 19. Rxc8 Rxc8 20. Qa1 Qxb3 21.
Ba3+ Ke8 (21... Kd8 22. Rb1 Qc2 23. Bd1 Qd2 24. Bb4 Qd3) 22. Rb1 Rc1 (22... Qc2
23. Rc1 Ne4 24. Rxc2 Rxc2) 23. Rxc1 Qb7 24. Qb2 Qa8 25. Qb4 Ng8 26. Qd6 1-0

[Event "N4 Blagny / Bogny"]
[Site "?"]
[Date "????.??.??"]
[Round "2"]
[White "PELTRIAUX, Guillaume"]
[Black "WACZECKA, Jerome"]
[Result "1-0"]
[WhiteElo "1780"]
[BlackElo "1770"]
[PlyCount "53"]
[EventDate "2006.11.26"]
[SourceDate "2007.03.18"]

1. e4 c6 2. d3 d5 3. Nd2 dxe4 4. dxe4 Nf6 5. Bd3 g6 6. Ngf3 Bg7 7. O-O O-O 8.
Nb3 Qc7 9. Qe2 Nbd7 10. e5 Ng4 11. e6 Nde5 12. Nxe5 Qxe5 13. Qxg4 Bxe6 14. Qb4
Qc7 15. Bf4 Qd7 16. Nc5 Qd4 17. Qxd4 Bxd4 18. Nxe6 fxe6 19. Be3 e5 20. Bxd4
exd4 21. Rfe1 Rfe8 22. Re4 Rad8 23. Bc4+ Kg7 24. Rd1 e5 25. a4 c5 26. Rde1 Kf6
27. f4 1-0

[Event "N4 Blagny / Bogny"]
[Site "?"]
[Date "????.??.??"]
[Round "2"]
[White "POISSEROUX, Benoit"]
[Black "ALCIDI, Valentin"]
[Result "0-1"]
[WhiteElo "1868"]
[BlackElo "1830"]
[PlyCount "102"]
[EventDate "2006.11.26"]
[SourceDate "2007.03.18"]

1. d4 Nf6 2. Bg5 d5 3. e3 Ne4 4. Bf4 e6 5. f3 Nf6 6. Bg5 Nbd7 7. f4 c5 8. c3
Qb6 9. Qb3 Ne4 10. Bh4 cxd4 11. Qxb6 Nxb6 12. Bb5+ Bd7 13. Bxd7+ Nxd7 14. exd4
Bd6 15. Ne2 f5 16. Nd2 O-O 17. Rd1 Ndf6 18. Bxf6 Rxf6 19. O-O Rc8 20. Nf3 b5
21. Rd3 a5 22. a3 h6 23. Ne5 Bxe5 24. fxe5 Rf7 25. Nf4 Re8 26. Nh3 g5 27. g3 h5
28. Kg2 Ref8 29. Nf2 f4 30. Nh3 fxg3 31. Rxf7 Rxf7 32. hxg3 a4 33. Re3 Kg7 34.
Re2 Kg6 35. Kh2 Rf3 36. Kg2 Rxg3+ 37. Kh2 Rf3 38. Rg2 g4 39. Ng1 Rf2 40. Ne2
Kg5 41. Ng1 Rxg2+ 42. Kxg2 h4 43. Ne2 Kf5 44. Nc1 Kf4 45. Nd3+ Ke3 46. Nc5 Ng5
47. b3 axb3 48. Nxb3 Kd3 49. a4 bxa4 50. Nc5+ Kxc3 51. Nxa4+ Kxd4 0-1

[Event "N4 Blagny / Bogny"]
[Site "?"]
[Date "????.??.??"]
[Round "2"]
[White "RENARD, Luc"]
[Black "BEAUDIOT, Alain"]
[Result "1-0"]
[WhiteElo "1650"]
[BlackElo "1710"]
[PlyCount "125"]
[EventDate "2006.11.26"]
[SourceDate "2007.03.18"]

1. d4 Nf6 2. Bg5 e6 3. e4 h6 4. Bxf6 Qxf6 5. Nc3 a6 6. Qd2 g6 7. O-O-O Bg7 8.
f4 b5 9. Nf3 Bb7 10. e5 Qe7 11. Be2 d5 12. Ne1 Bc6 13. Bf3 Nd7 14. Nd3 b4 15.
Ne2 a5 16. Qe3 O-O 17. Kb1 Rfb8 18. Rc1 Nb6 19. Nc5 Nc4 20. Qf2 a4 21. h4 b3
22. a3 Nd2+ (22... bxc2+ 23. Rxc2 (23. Kxc2 Rxb2+ 24. Kd1 Nxa3) 23... Nxa3+)
23. Ka1 Qe8 (23... bxc2 24. Rxc2 Nxf3) 24. c3 Nc4 25. Kb1 Bb5 26. h5 Nd2+ 27.
Ka1 Qe7 28. Rcd1 Nc4 29. Kb1 Be8 30. Nc1 Qd8 31. Be2 Bb5 32. Bxc4 Bxc4 33. hxg6
fxg6 34. Nxe6 Qe7 35. Nxg7 Qxg7 36. Qh4 Kh7 37. Rh2 Rf8 38. Rdh1 h5 39. g3 Rf5
40. Qh3 Rh8 41. Qg2 Kg8 42. Qd2 Qf7 43. Nd3 Bxd3+ 44. Qxd3 Qd7 45. Kc1 Kg7 46.
Qe3 Qe6 47. g4 Rff8 48. gxh5 Qg4 49. Rg1 Qxf4 50. Rxg6+ Kh7 51. Qxf4 Rxf4 52.
Kd2 Rhf8 53. Ke3 Re4+ 54. Kd2 Ref4 55. Rg1 Kh6 (55... Rf2+ 56. Rxf2 Rxf2+ 57.
Ke3 (57. Kc1 Kh6 58. Rg6+ Kxh5 59. Rc6 Rc2+ 60. Kd1 Rxb2 61. e6 Rb1+ 62. Ke2 b2
63. e7) 57... Rxb2 58. e6) 56. Re1 Rf2+ 57. Rxf2 Rxf2+ 58. Re2 Rxe2+ 59. Kxe2
Kxh5 60. Kd3 Kg6 61. c4 c6 62. cxd5 cxd5 63. Kc3 1-0

[Event "N4 tgv/bme"]
[Site "?"]
[Date "2006.11.28"]
[Round "2"]
[White "BELLOY, Julien"]
[Black "CAZZARO, Dorian"]
[Result "1/2-1/2"]
[WhiteElo "2010"]
[BlackElo "1790"]
[PlyCount "36"]
[EventDate "2006.11.26"]
[SourceDate "2007.03.18"]

1. c4 c5 2. Nc3 g6 3. g3 Bg7 4. Bg2 Nc6 5. e3 Nf6 6. Nge2 O-O 7. O-O d6 8. d4
Bg4 9. dxc5 dxc5 10. Bxc6 bxc6 11. Qxd8 Rfxd8 12. f3 Be6 13. b3 Rd3 14. Ba3 Nd7
15. Rac1 Rxe3 16. Kf2 Bd4 17. Nxd4 cxd4 18. Nd1 Re5 1/2-1/2

[Event "N4 tgv/bme"]
[Site "?"]
[Date "2006.11.28"]
[Round "2"]
[White "munier, germaln"]
[Black "CARRE, Cedric"]
[Result "0-1"]
[WhiteElo "1695"]
[BlackElo "2086"]
[PlyCount "42"]
[EventDate "2006.11.26"]
[SourceDate "2007.03.18"]

1. e4 c5 2. Nf3 d6 3. d4 cxd4 4. Nxd4 Nf6 5. Nc3 a6 6. Be3 e5 7. Nb3 Be6 8. Be2
Be7 9. O-O O-O 10. f4 b5 11. Qd3 Nbd7 12. Nd5 Bxd5 13. exd5 e4 14. Qd4 Re8 15.
c4 bxc4 16. Qxc4 Nb6 17. Qd4 Nbxd5 18. Rac1 Nxe3 19. Qxe3 Qd7 20. Rfd1 d5 21.
Kh1 Red8 0-1

[Event "N4 tgv/bme"]
[Site "?"]
[Date "2006.11.28"]
[Round "2"]
[White "BELLOY, Nicolas"]
[Black "GODARD, Adrien"]
[Result "1-0"]
[WhiteElo "2050"]
[BlackElo "1690"]
[PlyCount "83"]
[EventDate "2006.11.26"]
[SourceDate "2007.03.18"]

1. d4 d5 2. c4 e6 3. Nc3 Nf6 4. Bg5 Be7 5. e3 Nbd7 6. Bd3 c5 7. Nf3 cxd4 8.
Nxd4 Ne5 9. cxd5 Nxd3+ 10. Qxd3 Nxd5 11. Bxe7 Nxe7 12. O-O O-O 13. Rfd1 e5 14.
Nb3 Qxd3 15. Rxd3 Be6 16. Nc5 Bf5 17. e4 Bc8 18. Nd7 Rd8 19. Nf6+ gxf6 20.
Rxd8+ Kg7 21. Nb5 Nc6 22. Re8 Rb8 23. Nd6 Be6 24. Rxb8 Nxb8 25. Nxb7 Nc6 26.
Nc5 Bc4 27. b3 Bb5 28. a4 Be2 29. f3 Nb4 30. Re1 Nd3 31. Nxd3 Bxd3 32. b4 Bc2
33. Ra1 f5 34. exf5 Bxf5 35. b5 Bd3 36. Kf2 Kf6 37. Ke3 Bc4 38. Rc1 Bd5 39. a5
Ke6 40. b6 a6 41. Rc5 Ba8 42. Rc7 1-0

[Event "N4 tgv/bme"]
[Site "?"]
[Date "2006.11.28"]
[Round "2"]
[White "IACONA, Antonio"]
[Black "HENTZIEN, Maxime"]
[Result "1-0"]
[WhiteElo "1699"]
[BlackElo "1942"]
[PlyCount "52"]
[EventDate "2006.11.26"]
[SourceDate "2007.03.18"]

1. e4 c6 2. c4 d5 3. Nc3 d4 4. Nce2 e5 5. Nf3 Bd6 6. Ng3 Ne7 7. Nh4 Be6 8. Qh5
Nd7 9. Nhf5 Bxf5 10. Nxf5 Nxf5 11. Qxf5 O-O 12. Be2 g6 13. Qh3 f5 14. exf5 Rxf5
15. Bg4 Qf6 16. Bxf5 gxf5 17. O-O e4 18. f3 Qe5 19. fxe4 fxe4 20. Rf5 Qe7 21.
b3 Rf8 22. Qg4+ Kh8 23. Rxf8+ Nxf8 24. Bb2 c5 25. Re1 Qe5 26. g3 Qe6 {illisible
} 1-0

[Event "N4 tgv/bme"]
[Site "?"]
[Date "2006.11.28"]
[Round "2"]
[White "BIESBROUCK, Philippe"]
[Black "husson, christophe"]
[Result "1/2-1/2"]
[WhiteElo "1870"]
[BlackElo "1700"]
[PlyCount "92"]
[EventDate "2006.11.26"]
[SourceDate "2007.03.18"]

1. c4 c5 2. g3 Nc6 3. Bg2 d6 4. e3 g6 5. d4 cxd4 6. exd4 Bg7 7. d5 Ne5 8. Nc3
Nf6 9. Bf4 Ned7 10. Nge2 O-O 11. O-O Nb6 12. b3 Bg4 13. h3 Bxe2 14. Qxe2 Re8
15. Qd2 Rc8 16. Rac1 a6 17. Rfe1 Nbd7 18. Bh6 Bh8 19. Re2 Nh5 20. Rce1 Ne5 21.
Ne4 Ng7 22. Ng5 Nf5 23. Nf3 Nxf3+ 24. Bxf3 Nxh6 25. Qxh6 Bg7 26. Qh4 Bf6 27.
Qe4 Be5 28. Bg2 Rc7 29. h4 Qd7 30. Kh2 b5 31. Rc2 Rec8 32. Bh3 f5 33. Qe2 Rc5
34. Rec1 b4 35. Bg2 Rf8 36. Bh1 Bf6 37. Re1 Re8 38. Qe6+ Qxe6 39. Rxe6 Kf7 40.
Rce2 a5 41. Kh3 h5 42. Bf3 Ra8 43. Re1 a4 44. Bd1 a3 45. Bf3 Ra7 46. R1e2 Rac7
1/2-1/2

[Event "N4 tgv/bme"]
[Site "?"]
[Date "2006.11.28"]
[Round "2"]
[White "DHAUSSY, Zélie"]
[Black "BRODIER, Thierry"]
[Result "0-1"]
[WhiteElo "1690"]
[BlackElo "1760"]
[PlyCount "116"]
[EventDate "2006.11.26"]
[SourceDate "2007.03.18"]

1. e4 c5 2. Nf3 d6 3. Nc3 Nc6 4. d4 cxd4 5. Nxd4 Nf6 6. Bb5 Bd7 7. Be3 a6 8.
Ba4 e6 9. O-O b5 10. Bb3 b4 11. Nce2 Nxe4 12. Qd3 d5 13. Nxc6 Bxc6 14. Qd4 Nf6
15. Rac1 Bb5 16. Rfe1 Rc8 17. c4 dxc4 18. Qxd8+ Rxd8 19. Bxc4 Bxc4 20. Rxc4 Nd5
21. Bd4 f6 22. f4 Be7 23. Bf2 e5 24. fxe5 fxe5 25. Ng3 O-O 26. Rxe5 Bf6 27. Re2
Rc8 28. Rxc8 Rxc8 29. Nf5 Rc1+ 30. Be1 Nf4 31. Re4 Nd3 32. Kf1 Bxb2 33. Re8+
Kf7 34. Nd6+ Kg6 35. Re3 Rxe1+ 36. Rxe1 Nxe1 37. Kxe1 Be5 38. Nc4 Bxh2 39. Kd2
Kg5 40. Kc2 Bc7 41. Kb3 a5 42. Ne3 g6 43. a3 bxa3 44. Kxa3 Kh4 45. Ka4 Kg3 46.
Nd5 Bd8 47. Ne3 Kf2 48. Nd1+ Kxg2 49. Ne3+ Kf3 50. Nf1 h5 51. Nd2+ Kg2 52. Nc4
h4 53. Ne3+ Kf3 54. Nf1 h3 55. Nh2+ Kg2 56. Ng4 Bc7 57. Ne3+ Kf3 58. Nd5 Bd8
0-1

[Event "N4 tgv/bme"]
[Site "?"]
[Date "2006.11.28"]
[Round "2"]
[White "WILLE, Frederic"]
[Black "lefebvre, brice"]
[Result "1-0"]
[WhiteElo "1690"]
[BlackElo "1470"]
[PlyCount "59"]
[EventDate "2006.11.26"]
[SourceDate "2007.03.18"]

1. Nf3 d5 2. g3 Nf6 3. Bg2 Bg4 4. O-O e6 5. d4 c5 6. c4 Nc6 7. Qa4 Qd7 8. cxd5
Nxd5 9. dxc5 Bxc5 10. Qxg4 f5 11. Qa4 Rf8 12. Rd1 O-O-O 13. Bg5 Rde8 14. Nc3 h6
15. Be3 Bxe3 16. fxe3 Rd8 17. Nxd5 exd5 18. Nd4 Qc7 19. Ne6 Qe5 20. Nxf8 Rxf8
21. Qa3 Rd8 22. Rd2 Kb8 23. Rad1 Ne7 24. Qb3 Rd7 25. Bxd5 Nxd5 26. Rxd5 Rxd5
27. Rxd5 Qf6 28. Qc3 Qf8 29. Rd7 g5 30. Qc7+ 1-0

[Event "N4 tgv/bme"]
[Site "?"]
[Date "2006.11.28"]
[Round "2"]
[White "BELGUIRAL, Baptiste"]
[Black "FERRERO, Marjorie"]
[Result "0-1"]
[WhiteElo "1340"]
[BlackElo "1210"]
[PlyCount "62"]
[EventDate "2006.11.26"]
[SourceDate "2007.03.18"]

1. e4 c6 2. d4 d5 3. exd5 cxd5 4. Nc3 Nf6 5. Nf3 Bg4 6. h3 Bxf3 7. Qxf3 e6 8.
Bg5 Be7 9. Bd3 Nbd7 10. O-O-O O-O 11. Bxf6 Nxf6 12. Ne2 Rc8 13. g4 g6 14. g5
Ne8 15. Rdg1 Bxg5+ 16. Kd1 Bh6 17. Qh5 Bg7 18. Qf3 Qf6 19. Qg2 Nd6 20. h4 Nf5
21. h5 Ne7 22. hxg6 fxg6 23. Qh3 h6 24. Qe3 g5 25. Rh3 Nf5 26. Bxf5 Qxf5 27.
Rgg3 Rf6 28. Rf3 Qg6 29. Rxf6 Qxf6 30. Rf3 Qg6 31. Rg3 Rf8 {illisible} 0-1

[Event "N4 rilly/chalons"]
[Site "?"]
[Date "2006.11.29"]
[Round "2"]
[White "BARDOUX, Thierry"]
[Black "BILLON, Ollivier"]
[Result "1-0"]
[WhiteElo "2156"]
[BlackElo "1936"]
[PlyCount "53"]
[EventDate "2006.11.26"]
[SourceDate "2007.03.18"]

1. d4 Nf6 2. Nf3 g6 3. Nc3 Bg7 4. e4 d6 5. Bc4 O-O 6. Qe2 e6 7. e5 dxe5 8. dxe5
Nd5 9. Ne4 Nd7 10. Bg5 Qe8 11. Bb5 h6 12. Bxd7 Bxd7 13. Nf6+ Nxf6 14. exf6 hxg5
15. fxg7 Kxg7 16. O-O-O f6 17. h4 gxh4 18. Rxh4 g5 19. Nxg5 fxg5 20. Rh5 Rf5
21. g4 Rd5 22. Rdh1 Qg6 23. c4 Bb5 24. Rh7+ Qxh7 25. Rxh7+ Kxh7 26. Qe4+ Rf5
27. cxb5 1-0

[Event "N4 rilly/chalons"]
[Site "?"]
[Date "2006.11.29"]
[Round "2"]
[White "MONTHOUX, P.Yves"]
[Black "GASIOR, Jerome"]
[Result "1-0"]
[WhiteElo "1934"]
[BlackElo "2108"]
[PlyCount "39"]
[EventDate "2006.11.26"]
[SourceDate "2007.03.18"]

1. e4 c5 2. c3 Nf6 3. e5 Nd5 4. d4 cxd4 5. cxd4 e6 6. Nf3 b6 7. Bd2 Be7 8. Nc3
Nxc3 9. Bxc3 O-O 10. d5 d6 11. Bc4 Qc7 12. Bb3 dxe5 13. Bxe5 Bb4+ 14. Kf1 Qe7
15. d6 Ba6+ 16. Kg1 Qb7 17. Bxg7 Rd8 18. Qd4 f6 19. Bxf6 Nc6 20. Bxe6+ 1-0

[Event "N4 rilly/chalons"]
[Site "?"]
[Date "2006.11.29"]
[Round "2"]
[White "RAULET, Alain"]
[Black "VEILLERETTE, Patrick"]
[Result "1-0"]
[WhiteElo "2040"]
[BlackElo "1950"]
[PlyCount "43"]
[EventDate "2006.11.26"]
[SourceDate "2007.03.18"]

1. c4 e6 2. g3 Nf6 3. Bg2 d5 4. Nf3 Be7 5. O-O O-O 6. d4 dxc4 7. Ne5 Nc6 8.
Nxc6 bxc6 9. Bxc6 Rb8 10. Nc3 Rb6 11. Bg2 Qd7 12. Qc2 Ba6 13. e4 Bb7 14. Be3
Ra6 15. Rfd1 Rd8 16. Qe2 Bb4 17. Bg5 Bxc3 18. Bxf6 gxf6 19. bxc3 Qa4 20. Qg4+
Kh8 21. Rdb1 Rb6 22. Qf4 1-0

[Event "N4 rilly/chalons"]
[Site "?"]
[Date "2006.11.29"]
[Round "2"]
[White "CREPAUX, Jean Marie"]
[Black "LABROCHE, Jerome"]
[Result "0-1"]
[WhiteElo "1950"]
[BlackElo "1980"]
[PlyCount "84"]
[EventDate "2006.11.26"]
[SourceDate "2007.03.18"]

1. e4 e5 2. Bc4 Nf6 3. Nf3 Nxe4 4. Nc3 Nc6 5. Bxf7+ Kxf7 6. Nxe4 d5 7. Neg5+
Kg8 8. d4 h6 9. dxe5 hxg5 10. Bxg5 Be7 11. Bxe7 Nxe7 12. Qd2 c5 13. O-O-O Bg4
14. h4 Rh5 15. Rde1 Bxf3 16. gxf3 Qf8 17. f4 Qf5 18. Reg1 Rf8 19. Rg5 Rxg5 20.
fxg5 Qxf2 21. b3 Qxd2+ 22. Kxd2 Rf5 23. Kd3 Rxe5 24. c4 d4 25. Rh3 Ng6 26. Kd2
Re4 27. h5 Nf4 28. Rh2 Ne6 29. Rg2 Re5 30. g6 b6 31. Rf2 Nd8 32. Rh2 Kf8 33.
Rf2+ Ke7 34. Rh2 Kf6 35. Rf2+ Rf5 36. Re2 Ne6 37. Rh2 Nf4 38. h6 gxh6 39. Rxh6
Rh5 40. g7+ Kxg7 41. Rc6 Rh2+ 42. Kd1 Rxa2 0-1